000 00429nam a2200181Ia 4500
001 25447
005 20260414151150.0
008 260414t2001||||xx |||||||||||||| ||spa||
041 _aESP
082 _a346.5
_bT73A
100 _aTorres Vásquez, Aníbal [942-...]
_eAUT
245 0 _aActo jurídico
_b
260 _c2001
300 _a731 páginas :
_c24 cm.
650 _aDER
654 _aCDE
942 _cLIB
_dJUS
_fJUS
_2ddc
_n
999 _c25447
_d25447